Normal view
MARC view
- الحوار الاسلامي المسيحي-التسامح الديني-التعايش الاسلامي-الاردن
Entry Topical Term
001 - CONTROL NUMBER
- control field: 63728
003 - CONTROL NUMBER IDENTIFIER
- control field: JO-AjAnu
005 - DATE AND TIME OF LATEST TRANSACTION
- control field: 20230606084412.0
008 - FIXED-LENGTH DATA ELEMENTS
- fixed length control field: 230606|| aca||aabn | a|a d
040 ## - CATALOGING SOURCE
- Original cataloging agency: JO-AjAnu
- Transcribing agency: JO-AjAnu
150 ## - HEADING--TOPICAL TERM
- Topical term or geographic name entry element: الحوار الاسلامي المسيحي-التسامح الديني-التعايش الاسلامي-الاردن
670 ## - SOURCE DATA FOUND
- Source citation: Work cat.: (JO-AjAnu)32490: السماعين، رلى, author 63727, حصن السلام:التجربة الاردنية في الحوار بين اتباع الاديان ونموذج العيش المشترك